00867 a2200169 45000010006000000050017000060080041000230030015000640400040000790800122001192450030002412500013002712640041002843000019003255050325003441000028006695478020260407155824.0260407a1963 arg spa dAR-UNSa-BCEJYS aAR-UNSa-BCEJYSbspacAR-UNSa-BCEJYS a101.1xNaturaleza de la filosofía. La filosofía como ciencia. La filosofía como arte (pensamiento filosófico)10aEl tema de nuestro tiempo a15a. ed. 1aMadrid :bRevista de Occidentec1963 a187 p.c18 cm. a1. La idea de las generaciones – 2. La previsión del futuro – 3. Relativismo y racionalismo – 4. Cultura y vida – 5. El doble imperativo – 6. Las dos ironías, o Sócrates y Don Juan – 7. Las valoraciones de la vida – 8. Valores vitales – 9. Nuevos síntomas – 10. La doctrina del punto de vista. 1 aOrtega y Gasset, José